The new generation of watershed management programmes and projects
محفوظ في:
| التنسيق: | كتاب |
|---|---|
| اللغة: | Undetermined |
| منشور في: |
Rome, Italy
FAO
2006
|
| الموضوعات: | |
| الوسوم: |
إضافة وسم
لا توجد وسوم, كن أول من يضع وسما على هذه التسجيلة!
|
| Thư viện lưu trữ: | Trung tâm Học liệu Trường Đại học Cần Thơ |
|---|
| LEADER | 00499nam a2200169Ia 4500 | ||
|---|---|---|---|
| 001 | CTU_116668 | ||
| 008 | 210402s9999 xx 000 0 und d | ||
| 082 | |a 631.7 | ||
| 082 | |b N532 | ||
| 245 | 4 | |a The new generation of watershed management programmes and projects | |
| 260 | |a Rome, Italy | ||
| 260 | |b FAO | ||
| 260 | |c 2006 | ||
| 650 | |a Water in agriculture,Water, rural,Forests and forestry | ||
| 650 | |x Management | ||
| 904 | |i Minh | ||
| 980 | |a Trung tâm Học liệu Trường Đại học Cần Thơ | ||